Pinnacle SSC 60 Days English Vocabulary 3rd Edition/ (Record no. 199522)

MARC details
000 -LEADER
fixed length control field 00734nam a22001817a 4500
005 - DATE AND TIME OF LATEST TRANSACTION
control field 20231214153608.0
010 ## - LCCN (DPL NO)
LC control number B-756150-155
020 ## - INTERNATIONAL STANDARD BOOK NUMBER
International Standard Book Number 9789395029667
Terms of availability 450.00
035 ## - SYSTEM CONTROL NUMBER
System control number B-756150-155
037 ## - SOURCE OF ACQUISITION
Stock number Vaibhav Publications
082 ## - DEWEY DECIMAL CLASSIFICATION NUMBER
Classification number 480
245 ## - TITLE STATEMENT
Title Pinnacle SSC 60 Days English Vocabulary 3rd Edition/
Remainder of title 20,0000+words (English/Hindi)
260 ## - PUBLICATION, DISTRIBUTION, ETC. (IMPRINT)
Place of publication, distribution, etc New Delhi
Name of publisher, distributor, etc Pinnacle Publications
Date of publication, distribution, etc 2023
270 ## - ADDRESS
Address 24/4806, Mathur Lane Daryaganj
City New Delhi
Postal code 110002
300 ## - PHYSICAL DESCRIPTION
Extent 380p.
Dimensions 28cm(Pbk)
942 ## - ADDED ENTRY ELEMENTS (KOHA)
Source of classification or shelving scheme Dewey Decimal Classification
Item type English Books
Call number suffix PIN
Classification part 480
Holdings
Withdrawn status Lost status Not for loan Collection code Home library Current library Date acquired Source of acquisition Cost, normal purchase price Full call number Barcode Copy number Cost, replacement price Koha item type
      Non-fiction Ashok Vihar Ashok Vihar 14/12/2023 Vaibhav Publications /BL3/24.11.23/57/23.11.23/1.12.23 450.00 PIN 480 B-756151 1 480.00 English Books
      Non-fiction Central Library Central Library 14/12/2023 Vaibhav Publications /BL3/24.11.23/57/23.11.23/1.12.23 450.00 PIN 480 B-756150 1 480.00 English Books
      Non-fiction Narela Narela 14/12/2023 Vaibhav Publications /BL3/24.11.23/57/23.11.23/1.12.23 450.00 PIN 480 B-756154 1 480.00 English Books
      Non-fiction Sarojini Nagar Sarojini Nagar 14/12/2023 Vaibhav Publications /BL3/24.11.23/57/23.11.23/1.12.23 450.00 PIN 480 B-756153 1 480.00 English Books
      Non-fiction Shahdara Branch Shahdara Branch 14/12/2023 Vaibhav Publications /BL3/24.11.23/57/23.11.23/1.12.23 450.00 PIN 480 B-756155 1 480.00 English Books
      Non-fiction Tri Nagar Tri Nagar 14/12/2023 Vaibhav Publications /BL3/24.11.23/57/23.11.23/1.12.23 450.00 PIN 480 B-756152 1 480.00 English Books

© Delhi Public Library
Hit Counter
free hit counter